00501nam a2200157Ia 4500008004100000020005500041040000800096082001400104100002500118245001600143260000900159264004200168942001300210952010300223999001700326231129s1983||||xx |||||||||||||| ||spa|| a84-7530-409-5  bspa a822 S534p aShaw George Bernard 0aPigmalión c1983 aBarcelona España : Ediciones Orbis 2ddccBKS 00102ddc4070aBRCbBRCd2018-04-27l0o822 S534pp18584r2023-11-29 21:28:44t1w2023-11-29yBK c22758d22758